000 00648nam a2200205Ia 4500
001 114605
003 DR-UNIBE
005 20260427151146.0
008 260427b2006 cr ||||| |||| 00| 0 spa d
040 _aBIBLIOTECA UNIBE
_cBIBLIOTECA UNIBE
_erda
_bspa
041 _aspa
082 _aF 5823
245 0 _aIndependencia judicial en América Latina :
_breplanteamiento de un tema tradicional /
_cJosé Mª Rico, Luis Salas
260 4 _aSan José :
_bCentro para la Administración de Justicia,
_c1990
300 4 _a49 páginas
490 _aColección monografías ;
_v1
650 _aDerecho
942 _cMX
_2ddc
951 _a20061022 10:18:00
999 _c114605
_d114605